Вып. 12; Сборник научно-методических статей по теоретической механике

Podrobná bibliografie
Parent link:Сборник научно-методических статей по теоретической механике/ Госкомитет СССР по народному образованию ; Главное учебно-методическое управление высшего образования. Вып. 12.— , 1968-1991
Jazyk:ruština
Vydáno: 1982
Témata:
Médium: MixedMaterials Kniha
KOHA link:https://koha.lib.tpu.ru/cgi-bin/koha/opac-detail.pl?biblionumber=317056

MARC

LEADER 00000nam2a2200000 4500
001 317056
005 20231102002933.0
035 |a (RuTPU)RU\TPU\book\342524 
035 |a RU\TPU\book\295247 
090 |a 317056 
100 |a 20160404d1982 km y0rusy50 ca 
101 0 |a rus 
102 |a RU 
105 |a a z 001zy 
200 0 |a Вып. 12 
210 |d 1982 
215 |a 136 с.  |c ил. 
320 |a Библиография в конце статей 
461 1 |0 (RuTPU)RU\TPU\book\272994  |t Сборник научно-методических статей по теоретической механике  |f Госкомитет СССР по народному образованию ; Главное учебно-методическое управление высшего образования  |v Вып. 12  |d 1968-1991  |s Теоретическая механика 
606 1 |a Механика теоретическая  |2 stltpush  |3 (RuTPU)RU\TPU\subj\59441  |9 76991 
610 1 |a профессиональная подготовка 
610 1 |a механика Ньютона 
610 1 |a пространство 
610 1 |a время 
610 1 |a движение 
610 1 |a преподаватели 
610 1 |a квалификация 
610 1 |a специальная теория относительности 
610 1 |a парадоксы 
610 1 |a виртуальные перемещения 
610 1 |a аналитическая динамика 
610 1 |a учебные процессы 
610 1 |a повышение 
675 |a 531  |v 4 
801 1 |a RU  |b 63413507  |c 20141015 
801 2 |a RU  |b 63413507  |c 20191213  |g RCR 
942 |c BK